| 000 | 00897nas a2200289 4500 | ||
|---|---|---|---|
| 001 | BR0103802 | ||
| 003 | BR-BrBNA | ||
| 005 | 20231205102421.0 | ||
| 007 | ta | ||
| 008 | 230509b bl.|||p| |||| 00| 00por d | ||
| 040 |
_aBR-BrBNA _bpor _cBiblioteca Nacional de Agricultura |
||
| 041 | _a(Pt) | ||
| 072 | _aF30; F01 | ||
| 100 | 1 | _aPrimavesi, A.C. | |
| 100 | 1 | _aPrimavesi, O. | |
| 100 | 1 | _aPott, E.B. | |
| 245 | 1 | _aResposta de dois cultivares de aveia ao nitrogenio, em tres frequencias de corte e duas epocas de plantio. 2: Valor nutritivo | |
| 650 | _aAveia Forrageira | ||
| 650 | _aVariedade | ||
| 650 | _aAdubacao | ||
| 650 | _aNitrogenio | ||
| 650 | _aEpoca de Plantio | ||
| 650 | _aValor Nutritivo | ||
| 773 | 0 |
_tRevista de Agricultura (Brazil) _xISSN 0034-7655 _g(Dec 1999), v. 74(3) p. 279-293 _wBR0103802 |
|
| 909 |
_a202311 _bLúcia _c55 _dLúcia Elande |
||
| 942 |
_2AGRIS _n0 _cANA |
||
| 999 |
_c167491 _d167491 |
||